| 000 | 00701cas a22002175a 4500 | ||
|---|---|---|---|
| 001 | L138800 | ||
| 008 | 070711d19962004xxkqr p 0 a0eng u | ||
| 022 | 1 | _a1741-881X | |
| 035 | _a(Sirsi) u138800 | ||
| 041 | 0 | _aeng | |
| 110 | 2 |
_aNational Federation of Residential Landlords _94709 |
|
| 245 | 0 | 0 | _aResidential Renting |
| 260 |
_a[London] _bSmall Landlords Association _c1996-2004 |
||
| 362 | 0 | _a(21) December 2002-(26) May 2004 | |
| 520 | _aKept for five years | ||
| 554 | _aFour per year | ||
| 651 | 4 |
_aEngland and Wales _y1543- |
|
| 690 | _aPROPERTY-RESIDENTIAL PROPERTY-RESIDENTIAL PROPERTY TENURE-LEASEHOLD RESIDENTIAL PROPERTY | ||
| 785 | 0 | 0 |
_tSuccessful Renting _x1744-7488 |
| 942 | _n0 | ||
| 999 |
_c119042 _d119042 |
||